000 00760nam a2200265#a 4500
001 00697
003 HDC
007 ta
008 230623s2007 xx 000 0 eng d
020 _a9830681955 (pbk.).
040 _aHDC
050 _aHD 69
_b.G73 2007
100 _aGregory, James R.
245 0 _aPenjenamaan merentasi sempadan :
_bpanduan pemasaran jenama global /
_cJames R. Gregory ; penterjemah Feroza Shariff
246 _aBranding across border
264 _aKuala Lumpur :
_bInstitut terjemahan Negara Malaysia,
_c2007
300 _axxii,243p. :
_b ill. ;
_c 23cm.
500 _aIncludes index
650 _aBranding (Marketing)
700 _aFeroza Shariff
942 _2lcc
942 _cBK
942 _kHD 69
942 _m.G73 2007
999 _c22312
_d22312